LEADER 01873nam2 22004213i 450 001 RAV0224293 005 20251003044327.0 010 $a882300103X 100 $a19931004d1993 ||||0itac50 ba 101 | $aita$cita 102 $ait 181 1$6z01$ai $bxxxe 182 1$6z01$an 183 1$6z01$anc$2RDAcarrier 200 1 $aˆLa ‰donna rappresentata$eil corpo, il lavoro, la vita quotidiana nella cultura e nella storia$fPaola Di Cori 210 $aRoma$cEDIESSE$d[1993] 215 $a196 p.$d21 cm. 312 $aTit. del cofanetto.: ˆLa ‰cultura delle pari opportunità.$9RAV0325747 461 1$1001UFI0156936$12001 $aˆLa ‰cultura delle pari opportunita$e le donne nella storia, nel lavoro, nella societa$f a cura di Giovanna Altieri, Fiorella Farinelli e Saul Meghnagi 500 10$aˆLa ‰donna rappresentata$3RL10105681$9RAVV084972$92902108 517 1 $aˆLa ‰cultura delle pari opportunità.$9RAV0325747 606 $aDonna$xPosizione sociale$xStoria$2FIR$3CFIC048163$9E 676 $a305.4$9DONNE$v20 676 $a305.4$9DONNE$v21 676 $a305.42$9DONNE. Ruolo sociale e condizione$v19 676 $a305.42$9DONNE. RUOLO SOCIALE E CONDIZIONE$v23 676 $a305.4209$9DONNE. RUOLO SOCIALE E CONDIZIONE. Storia, geografia, persone$v22 696 $aRango sociale$aStatus sociale 699 $aPosizione sociale$yRango sociale 699 $aPosizione sociale$yStatus sociale 700 1$aDi Cori$b, Paola$3RAVV084972$4070$0140234 801 3$aIT$bIT-000000$c19931004 850 $aIT-BN0095 912 $aRAV0224293 950 2$aBiblioteca Centralizzata di Ateneo$c1 v.$d 01POZZO LIB.ECON MON 7346$e 0101 0700194585E VMA 1 v. (Precedente collocazione 19 EC 458)$fB $h20220725$i20220725 977 $a 01 996 $aDonna rappresentata$92902108 997 $aUNISANNIO